| 000 | 00417nam a2200145 a 4500 | ||
|---|---|---|---|
| 005 | 20140414093849.0 | ||
| 008 | 120626s19uu xx 00 eng d | ||
| 050 |
_aCD 510 _bP462f 2010 |
||
| 100 | _aPerry, Claire | ||
| 245 |
_aOxford GCSE maths for Edexcel : _bfoundation - teacher's guide CD / _cClaire Perry, Ian Bettison. |
||
| 250 | _aversion 1.0 | ||
| 700 | _aBettison, Ian | ||
| 942 | _cAVM | ||
| 999 |
_c109805 _d109805 |
||